| 000 | 00795nam a2200241 i 4500 | ||
|---|---|---|---|
| 001 | bg | ||
| 245 | 0 | 0 |
_aKodeks pracy z aktami związkowymi / _c[słowo wstępne Urszula Jackowiak]. |
| 250 |
_a[Wyd.2] _aStan prawny na dzień 6 września 1996 r. |
||
| 260 |
_aGdańsk : _b"Lex", _ccop. 1996. |
||
| 300 |
_a431 s. ; _c21 cm. |
||
| 490 | 1 | _aSeria z paragrafem | |
| 500 | _aZbiór zawiera zmiany, które wchodzą w życie z dniem 1 stycznia 1997 r. i 1 września 1997 r. | ||
| 650 | 9 |
_aPrawo pracy _zPolska _ystan na 1996 r. |
|
| 700 | 1 |
_aJACKOWIAK, Urszula. _eaut. wstępu |
|
| 830 | _aSeria z paragrafem | ||
| 020 | _a8371590601 | ||
| 040 | _cBPK | ||
| 041 | 0 | _apl | |
| 080 | _a349.2(438)(094.4) | ||
| 920 | _a83-7159-060-1 | ||
| 942 | _cKS | ||
| 008 | s pl f |000 0 pol | ||
| 999 |
_c33717 _d33717 |
||
| 856 |
_uhttp://koha.tu.koszalin.pl/cgi-bin/koha/opac-detail.pl?biblionumber=33717 _yKatalog online BPK |
||